=LDR 00000nam 2200000 4500 =990 ##$$a 22/LKKP TIA 2022 =001 INLIS000000000005244 =005 20220401045520 =035 ##$$a 0010-0322000641 =245 1#$$a Proses Procurement PT. Sinar Terang Madani : $b Kuliah Kerja Praktek /$c Naysa Aqila =100 #$$a NAYSA Aqila =250 ##$$a 2022 =300 ##$$a viii, 41 halaman : $b gambar; tabel ; $c 20x29 cm =856 ##$$a OPAC (Rak LKKP TIA 2022) =260 ##$$a Makassar :$b Politeknik ATI Makassar-Teknik Industri Agro,$c 2022 =082 ##$$a (R)2022 LKKP-TIA 818 =084 ##$$a (R)2022 LKKP-TIA 818 NAY p =650 #4$$a Laporan Praktek TIA 2022 =520 ##$$a Alur proses procurement PT. Sinar Terang Madani dimulai dengan pengajuan permintaan barang kepada departemen procurement, kemudian identifikasi barang yang diperlukan oleh perusahaan untuk disapprove oleh manager, selanjutnya mencari supplier, identifikasi analisa supplier, identifikasi analisa supplier, penawaran barang dan jasa, proses negosiasi term of payment, harga, kualitas dan waktu. Kemudian pemilihan supplier yang dilanjutkan dengan pembuatan Purchase Order (PO) dan penerimaan Delivery Order (DO). Setelah perusahaan menyetujui PO dan DO, barang akan dikirim. Proses selanjutnya yaitu dokumentasi invoice, pengecekan invoice, Delivery Order, dan Purchase Order dan pembayaran supplier. =008 220401################|##########|#|##